| 000 | 00684cam a22002297a 4500 | ||
|---|---|---|---|
| 001 | 000387 | ||
| 003 | armpunfd | ||
| 005 | 20140612090609.0 | ||
| 008 | 011019e1995####xx#a##########000#0#und#d | ||
| 040 |
_aarmpunfd _carmpunfd |
||
| 080 | _a347.97/99 T 59 | ||
| 100 | 1 | 0 | _a Toma, Pedro Bautista |
| 245 | 1 | 0 | _aManual de aplicacion de las tasas de interes |
| 260 |
_a Buenos Aires _b Ediciones Juridicas _cC1995 |
||
| 300 | _a291 p. | ||
| 500 |
_acontiene: actualizacion; _atasa pasiva; _atasa activa; _alegislacion. |
||
| 650 | 7 |
_a Derecho Procesal _2LEMB |
|
| 650 | 7 |
_a Legislacion _2LEMB |
|
| 650 | 7 |
_a Suprema Corte _2LEMB |
|
| 942 |
_cLB _2cdu |
||
| 945 |
_aCatalis _d2010-08-19 |
||
| 999 |
_c385 _d230889 |
||